Report on competition policy 2016 including commission staff working document

Guardado en:
Detalles Bibliográficos
Autor Corporativo: European Commission
Formato: Libro
Lenguaje:inglés
Publicado: Luxembourg Publications Office of the European Union 2017
Colección:Competition
Materias:
Etiquetas: Agregar Etiqueta
Sin Etiquetas, Sea el primero en etiquetar este registro!

MARC

LEADER 00000nam a2200000 4500
001 0237195
005 20240314123439.5
020 |a 978-92-79-69357-1 
022 |a 0259-3157 
041 0 |a eng 
044 |a LU 
245 1 0 |a Report on competition policy 2016  |b including commission staff working document 
264 1 |a Luxembourg  |b Publications Office of the European Union  |c 2017 
300 |a 94 s. 
490 1 |a Competition 
830 0 |a Competition 
610 2 0 |a konkurencia 
610 2 0 |a konkurencieschopnosť 
610 2 0 |a trh 
610 2 0 |a podnikanie 
610 2 0 |a legislatíva 
610 2 0 |a Európska únia 
710 2 |a European Commission